Tài liệu đào tạo quản lý điểu dưỡng : Modul 1 Chính sách y tế và tổ chức điều dưỡng
Tài liệu cung cấp kiến thức về quản lý chất lượng và an toàn người bệnh. Bao gồm các nội dung như quy trình điều dưỡng, tổng quan về chất lượng chăm sóc y tế, chất lượng chăm sóc người bệnh, các tiêu chuẩn chăm sóc người bệnh,...
Bewaard in:
| Hoofdauteur: | |
|---|---|
| Formaat: | Boek |
| Taal: | Vietnamese |
| Gepubliceerd in: |
H.
Giao Thông Vận Tải
2018
|
| Onderwerpen: | |
| Tags: |
Voeg label toe
Geen labels, Wees de eerste die dit record labelt!
|
| Thư viện lưu trữ: | Thư viện Trường Đại học Nam Cần Thơ |
|---|
| LEADER | 02200nam a22002537a 4500 | ||
|---|---|---|---|
| 001 | NCT_4_012414 | ||
| 008 | 240913b xxu||||| |||| 00| 0 vie d | ||
| 999 | |c 8585 |d 8585 | ||
| 020 | |a 9786047617142 |c 138000 | ||
| 082 | 0 | 4 | |2 23rd ed. |a 610.73068 |b M506 |
| 100 | 1 | |a Phạm Đức Mục | |
| 245 | 1 | 0 | |a Tài liệu đào tạo quản lý điểu dưỡng |b : Modul 1 Chính sách y tế và tổ chức điều dưỡng |c Phạm Đức Mục |
| 260 | |a H. |b Giao Thông Vận Tải |c 2018 | ||
| 300 | |a 212 tr. |c 27cm | ||
| 500 | |a ĐTTS ghi: Hội điều dưỡng Việt Nam - Trung Tâm tư vấn và dịch vụ điều dưỡng hỗ trợ cộng đồng | ||
| 520 | 3 | |a Tài liệu cung cấp kiến thức về quản lý chất lượng và an toàn người bệnh. Bao gồm các nội dung như quy trình điều dưỡng, tổng quan về chất lượng chăm sóc y tế, chất lượng chăm sóc người bệnh, các tiêu chuẩn chăm sóc người bệnh, các phương pháp đo lường chất lượng chăm sóc người bệnh, phòng ngừa sự cố y khoa, an toàn trong tiêm tuyền và phân cấp chăm sóc. | |
| 653 | |a Điều dưỡng | ||
| 942 | |2 ddc |c BK | ||
| 952 | |0 0 |1 0 |2 ddc |4 0 |6 610_730680000000000_M506 |7 0 |9 29451 |a 000001 |b 000001 |d 2024-09-14 |o 610.73068 M506 |p MD.22699 |r 2024-09-14 |v 138000.00 |w 2024-09-14 |y BK | ||
| 952 | |0 0 |1 0 |2 ddc |4 0 |6 610_730680000000000_M506 |7 0 |9 29452 |a 000001 |b 000001 |d 2024-09-14 |o 610.73068 M506 |p MD.22700 |r 2024-09-14 |v 138000.00 |w 2024-09-14 |y BK | ||
| 952 | |0 0 |1 0 |2 ddc |4 0 |6 610_730680000000000_M506 |7 0 |9 29453 |a 000001 |b 000001 |d 2024-09-14 |o 610.73068 M506 |p MD.22761 |r 2024-09-14 |v 138000.00 |w 2024-09-14 |y BK | ||
| 952 | |0 0 |1 0 |2 ddc |4 0 |6 610_730680000000000_M506 |7 0 |9 29454 |a 000001 |b 000001 |d 2024-09-14 |o 610.73068 M506 |p MD.22762 |r 2024-09-14 |v 138000.00 |w 2024-09-14 |y BK | ||
| 952 | |0 0 |1 0 |2 ddc |4 0 |6 610_730680000000000_M506 |7 0 |9 29455 |a 000001 |b 000001 |d 2024-09-14 |o 610.73068 M506 |p MD.22763 |r 2024-09-14 |v 138000.00 |w 2024-09-14 |y BK | ||
| 980 | |a Thư viện Trường Đại học Nam Cần Thơ | ||


